Statystyki dla Flagi państw „pod lupą" #1

Kliknij tutaj aby rozwiązać quiz!

Ogólne statystyki

  • Ten quiz został rozwiązany 304 razy
  • Średni wynik to 10 z 12

Statystyki odpowiedzi

Odpowiedź% Poprawnych
Cypr
99%
Hiszpania
99%
Stany Zjednoczone
99%
Serbia
96%
Algieria
94%
Panama
91%
Etiopia
88%
Uzbekistan
80%
Oman
78%
Nauru
74%
Brunei
68%
Gujana
65%

Rozkład punktacji

Percentyl według liczby udzielonych odpowiedzi

Procent ludzi z każdym wynikiem

Twoja historia wyników

Nie rozwiązałeś tego quizu